Guess the Country by Historic Hints and Events - Statistics

General Stats
  • This quiz has been taken 48 times
  • The average score is 6 of 10
Answer Stats
Hint Answer % Correct
Declaration of Independence (1776): A document written by Thomas Jefferson, formally declaring the reasons for the colonies' separation from Great Britain USA
100%
March to Versailles. Women marched to the city of Versailles, the city where the King and Queen lived France
95%
This country was under the great rule of Genghis Kahn from 1206-1263 during which this Country/Empire conquered most Of Asia Mongolia
80%
This Country Gains Independence from Netherlands in The Great War (WW1) Belgium
75%
1822 - Son of Portuguese king declares independence from Portugal and crowns himself Peter I, And crowns himself emperor of the following country Brazil
73%
The following country became independent of Spain in 1811 and was annexed by Brazil until 1825 Uruguay
64%
This Country was under UK rule until 1867 when they became independent Canada
59%
Over the centuries, the following country was the object of rivalry between Persia, Turkey and Russia, before being eventually annexed by Russia in the 19th Century Georgia
57%
This African Country gained independence in 1960 and Became a Republic in 1963 Nigeria
30%
It became a British colony in 1840, and a Crown colony in 1862. The following country achieved its independence from the United Kingdom on 21 September 1981 Belize
14%
No matching quizzes found
Score Distribution
Percent of People with Each Score
Percentile by Number Answered
Your Score History
You have not taken this quiz